[Event "Stay Safe Play From Home 341"]
[Site "Emanuel Lasker Arena"]
[Date "2020.07.29"]
[Round "5"]
[White "AChessPlayer"]
[Black "SoulofWolf"]
[Result "1-0"]
[WhiteElo "2377"]
[BlackElo "2063"]
[Annotator "TA"]
[PlyCount "103"]
[EventDate "2020.07.29"]
[EventType "swiss (blitz)"]

{[%evp 9,102,13,18,-20,-6,-9,7,-18,4,-15,-19,-20,-23,-20,-4,-17,42,31,39,25,60,15,56,38,44,36,89,0,8,-13,66,62,116,121,110,112,115,118,127,128,141,137,143,140,158,97,244,154,248,67,241,233,215,31,469,0,0,0,96,72,112,94,100,0,85,24,93,0,14,19,16,16,118,69,667,658,695,665,657,559,856,840,817,781,1338,1312,2169,893,1477,1397,29992,29989,29996,29997,29999]} 1. Nf3 d5 2. g3 c6 3. Bg2 Nf6 4. d3 g6 5. O-O Bg7 6. c3 {A07: Réti Opening: New York and Capablanca Systems.} O-O 7. Bf4 {[#]} Bg4 $146 ({Predecessor:} 7... Nbd7 8. d4 Re8 9. Nfd2 Nh5 10. Bg5 h6 11. Be3 e5 12. dxe5 Nxe5 13. Nf3 Nc4 {0-1 (21) Othman,W (1328)-Alothman,S (1504) Kuwait 2017}) 8. Qc1 {The position is equal.} Qc8 9. Bh6 Re8 10. Bxg7 Kxg7 11. Nbd2 {[%cal Bb1d2,Bd2f3,Bf3d4,Bd4b5][%mdl 32]} a5 12. Re1 Na6 ({Black should play} 12... e5 $11) 13. Ne5 $14 Bf5 14. Ndf3 h6 15. Nd4 Be6 16. a4 c5 17. Nb5 $36 {[%mdl 2048] White fights for an advantage.} Qb8 (17... Rd8 $14) 18. d4 (18. f4 $16) 18... Nc7 $11 19. Nd3 c4 (19... Nxb5 $11 20. axb5 cxd4) 20. Nf4 $14 Bd7 (20... Ra6 $14) 21. Nxc7 $16 Qxc7 22. Nxd5 Nxd5 23. Bxd5 e6 24. Bg2 Bc6 25. e4 Rad8 26. Qe3 b5 {[#]} 27. h4 (27. d5 $142 $1 {[%mdl 512]} exd5 28. Qc5) 27... b4 {[#]} (27... bxa4 $16 {keeps fighting.} 28. Ra2 Rb8) 28. h5 $1 {[%mdl 512]} g5 (28... Rb8 $16 29. Qe2 Ba8 30. hxg6 fxg6) (28... gxh5 29. Qe2) 29. Rac1 $2 (29. cxb4 $18 {Strongly threatening b5.} axb4 30. Rec1) 29... Qb7 $2 (29... Rb8 $1 $14) 30. cxb4 $18 Qxb4 {[#]} 31. Qc3 $2 ({White should try} 31. b3 $1 $18 {[%mdl 512]}) 31... Qxa4 $2 {[%mdl 8192]} (31... Rb8 $14) 32. Qxc4 $2 ({White has to play} 32. d5+ $1 $18 e5 33. dxc6 Qxc6 34. Bf1) 32... Qxc4 $11 33. Rxc4 Ba8 (33... Bb5 $1 $11 34. Rc5 Bd3) 34. Rd1 Rd7 35. Rd2 Red8 36. Bf3 (36. f3 $16) 36... Kf8 (36... f5 $11 {keeps the balance.}) 37. Kg2 (37. Bh1 $16) 37... Ke7 (37... g4 $1 $11 38. Bxg4 Bxe4+ 39. Bf3 Bxf3+ 40. Kxf3 Rd5) 38. Rc5 (38. g4 $16) 38... g4 39. Bxg4 {Hoping for Bf3.} Bxe4+ 40. Bf3 Bf5 (40... Rxd4 $11 41. Rxd4 Bxf3+ 42. Kxf3 Rxd4) 41. Rxa5 (41. d5 {is more complex.} exd5 42. Rxa5 Be6 43. Rd4 Rc7 44. b3) 41... Rd5 $2 {[%mdl 8192]} (41... Rxd4 $14 42. Rxd4 Rxd4) 42. Bxd5 $18 exd5 {[%mdl 4096] Endgame KRR-KRB} 43. Ra7+ Kf6 44. f3 Re8 45. g4 Bb1 46. Kf2 Re6 47. Re2 Rd6 48. Rc7 Bd3 49. Ree7 Kg5 50. Rxf7 {White mates.} Rb6 51. Kg3 {[%csl Gf7,Gg3][%cal Rf3f4]} Rxb2 52. f4# {Accuracy: White = 53%, Black = 27%.} 1-0

[Event "Stay Safe Play From Home 341"]
[Site "Emanuel Lasker Arena"]
[Date "2020.07.29"]
[Round "5"]
[White "Lazieri3"]
[Black "Haris kollari 13"]
[Result "1-0"]
[WhiteElo "2078"]
[BlackElo "1668"]
[Annotator "NA"]
[PlyCount "75"]
[EventDate "2020.07.29"]
[EventType "swiss (blitz)"]

1. e4 {[%emt 0:00:01]} d5 {[%emt 0:00:01]} 2. Nc3 {[%emt 0:00:00]} d4 {[%emt 0:00:01]} 3. Nce2 {[%emt 0:00:01]} e5 {[%emt 0:00:01]} 4. d3 {[%emt 0:00:00]} f6 {[%emt 0:00:01]} 5. f4 {[%emt 0:00:00]} c5 {[%emt 0:00:01]} 6. fxe5 {[%emt 0:00:00]} fxe5 {[%emt 0:00:01]} 7. Nf3 {[%emt 0:00:00]} Nc6 {[%emt 0:00:01]} 8. Bg5 {[%emt 0:00:00]} Nf6 {[%emt 0:00:01]} 9. g3 {[%emt 0:00:02]} Bd6 {[%emt 0:00:01]} 10. Bg2 {[%emt 0:00:01]} Bg4 {[%emt 0:00:02]} 11. O-O {[%emt 0:00:02]} Qe7 {[%emt 0:00:01]} 12. h3 {[%emt 0:00:01]} Bh5 {[%emt 0:00:01]} 13. Kh2 {[%emt 0:00:01]} h6 {[%emt 0:00:01]} 14. Bd2 {[%emt 0:00:01]} O-O-O {[%emt 0:00:02]} 15. Nh4 {[%emt 0:00:00]} g5 {[%emt 0:00:03]} 16. Nf5 {[%emt 0:00:01]} Qc7 {[%emt 0:00:02]} 17. Ng7 {[%emt 0:00:02]} Bg6 {[%emt 0:00:02]} 18. Nf5 {[%emt 0:00:01]} Bxf5 {[%emt 0:00:02]} 19. Rxf5 {[%emt 0:00:01]} Nd7 {[%emt 0:00:01]} 20. c4 {[%emt 0:00:02]} a6 {[%emt 0:00:03]} 21. a3 {[%emt 0:00:01]} Rdf8 {[%emt 0:00:01]} 22. Rxf8+ {[%emt 0:00:02]} Rxf8 {[%emt 0:00:02]} 23. Qg1 {[%emt 0:00:00]} g4 {[%emt 0:00:03]} 24. Rf1 {[%emt 0:00:02]} h5 {[%emt 0:00:01]} 25. Rxf8+ {[%emt 0:00:02]} Bxf8 {[%emt 0:00:01]} 26. Qf2 {[%emt 0:00:00]} Qd6 {[%emt 0:00:01]} 27. Qf5 {[%emt 0:00:01]} Qf6 {[%emt 0:00:08]} 28. hxg4 {[%emt 0:00:01]} hxg4 {[%emt 0:00:01]} 29. Qxg4 {[%emt 0:00:01]} Qf2 {[%emt 0:00:02]} 30. Bg5 {[%emt 0:00:02]} Bd6 {[%emt 0:00:02]} 31. Qf3 {[%emt 0:00:02]} Qxf3 {[%emt 0:00:04]} 32. Bxf3 {[%emt 0:00:01]} b5 {[%emt 0:00:00]} 33. cxb5 {[%emt 0:00:01]} axb5 {[%emt 0:00:01]} 34. g4 {[%emt 0:00:00]} Kc7 {[%emt 0:00:01]} 35. Bd2 {[%emt 0:00:02]} c4 {[%emt 0:00:01]} 36. g5 {[%emt 0:00:01]} cxd3 {[%emt 0:00:02]} 37. Nc1 {[%emt 0:00:01]} Na5 {[%emt 0:00:01]} 38. Nxd3 {[%emt 0:00:01] Time} 1-0

[Event "Stay Safe Play From Home 341"]
[Site "Emanuel Lasker Arena"]
[Date "2020.07.29"]
[Round "5"]
[White "Stefanone"]
[Black "Knightofficer"]
[Result "0-1"]
[WhiteElo "2043"]
[BlackElo "2227"]
[Annotator "TA"]
[PlyCount "68"]
[EventDate "2020.07.29"]
[EventType "swiss (blitz)"]

{[%evp 10,68,21,-12,0,-8,6,-6,15,-18,-12,-53,-50,-60,-49,-62,-25,-43,-40,-34,-27,-53,-37,-71,-45,-107,-97,-75,-40,-181,-176,-168,-176,-187,-186,-160,-179,-159,-83,-95,-51,-66,0,-210,-214,-977,-975,-1426,-716,-29986,-29987,-29992,-29989,-29969,-29962,-5597,-3543,-2485,-1872,-1436,-1329]} 1. d4 e6 2. e3 d5 3. f4 f5 4. Nf3 Nf6 5. Bd3 Bd6 6. Ne5 O-O {A80: Dutch Defence: Unusual White second moves.} 7. O-O Nbd7 8. c3 Ne4 {[#] The position is equal.} 9. Bxe4 $146 ({Predecessor:} 9. Rf3 Ndf6 10. Rh3 Bxe5 11. fxe5 Ng4 12. Nd2 Nef2 13. Qe2 Nxh3+ 14. gxh3 Nh6 15. Qg2 {0-1 (31) Havelka,F (1476)-Dolansky,L (1590) Kouty nad Desnou 2014}) 9... fxe4 10. Nd2 Nxe5 11. dxe5 Bc5 12. Nb3 Bb6 13. Nd4 c5 14. Nc2 Qe7 15. Qe2 Bd7 16. Kh1 a6 {aiming for ...Bb5.} 17. b3 (17. a4 $15) 17... Bb5 $36 {[%mdl 2048] Keeping White busy.} 18. c4 Bc6 19. g4 (19. Ba3 $15) 19... d4 $19 {And now ...d3 would win.} 20. Qg2 d3 21. Ne1 {[%cal Bc2e1,Be1g2,Bg2f4][%mdl 32]} Ba5 22. Bd2 Bxd2 23. Qxd2 g5 (23... Qh4 $142 24. g5 Qh3 $1 {[%mdl 512]}) 24. Ng2 $17 gxf4 25. Nxf4 Rf7 (25... Qg5 $15 26. Qb2 Kh8) 26. Rad1 $2 {[#]} (26. Nh5 $11 {and White has nothing to worry.}) 26... Raf8 $1 $19 {Strongly threatening ...Rxf4!} 27. Qg2 $2 {[#]} (27. Kg1) 27... Rxf4 $1 {[%mdl 512]} 28. exf4 e3 29. Rf3 e2 30. Re1 Rxf4 {[%mdl 64] Promotion} 31. Rxf4 Bxg2+ 32. Kxg2 d2 {Black is clearly winning.} 33. Rxe2 d1=Q 34. Ref2 Qdd8 {Accuracy: White = 37%, Black = 69%.} 0-1

[Event "Stay Safe Play From Home 341"]
[Site "Emanuel Lasker Arena"]
[Date "2020.07.29"]
[Round "5"]
[White "Padmaesh M K"]
[Black "M100"]
[Result "1/2-1/2"]
[WhiteElo "1791"]
[BlackElo "1834"]
[Annotator "NA"]
[PlyCount "106"]
[EventDate "2020.07.29"]
[EventType "swiss (blitz)"]

1. d4 {[%emt 0:00:02]} b6 {[%emt 0:00:00]} 2. c4 {[%emt 0:00:00]} Bb7 {[%emt 0:00:01]} 3. Nf3 {[%emt 0:00:01]} e6 {[%emt 0:00:01]} 4. e3 {[%emt 0:00:01]} Nf6 {[%emt 0:00:01]} 5. Bd3 {[%emt 0:00:01]} d5 {[%emt 0:00:01]} 6. cxd5 {[%emt 0:00:02]} exd5 {[%emt 0:00:01]} 7. Nc3 {[%emt 0:00:02]} Be7 {[%emt 0:00:02]} 8. O-O {[%emt 0:00:01]} O-O {[%emt 0:00:01]} 9. Ne5 {[%emt 0:00:00]} c5 {[%emt 0:00:01]} 10. f4 {[%emt 0:00:01]} Nc6 {[%emt 0:00:01]} 11. Bc2 {[%emt 0:00:02]} cxd4 {[%emt 0:00:01]} 12. exd4 {[%emt 0:00:00]} Ne4 {[%emt 0:00:02]} 13. Nxe4 {[%emt 0:00:03]} dxe4 {[%emt 0:00:01]} 14. Bxe4 {[%emt 0:00:01]} Nxe5 {[%emt 0:00:03]} 15. Bxb7 {[%emt 0:00:02]} Rb8 {[%emt 0:00:02]} 16. fxe5 {[%emt 0:00:02]} Rxb7 {[%emt 0:00:01]} 17. Qf3 {[%emt 0:00:01]} Rd7 {[%emt 0:00:02]} 18. Be3 {[%emt 0:00:02]} f6 {[%emt 0:00:04]} 19. e6 {[%emt 0:00:05]} Rd6 {[%emt 0:00:01]} 20. Qg4 {[%emt 0:00:02]} Qc8 {[%emt 0:00:02]} 21. Rae1 {[%emt 0:00:06]} Qxe6 {[%emt 0:00:02]} 22. Qxe6+ {[%emt 0:00:02]} Rxe6 {[%emt 0:00:01]} 23. Bf4 {[%emt 0:00:01]} Rxe1 {[%emt 0:00:02]} 24. Rxe1 {[%emt 0:00:00]} Bb4 {[%emt 0:00:01]} 25. Rd1 {[%emt 0:00:03]} Rd8 {[%emt 0:00:02]} 26. d5 {[%emt 0:00:01]} a5 {[%emt 0:00:01]} 27. d6 {[%emt 0:00:01]} Kf7 {[%emt 0:00:01]} 28. a3 {[%emt 0:00:04]} Bc5+ {[%emt 0:00:02]} 29. Kf1 {[%emt 0:00:01]} Ke6 {[%emt 0:00:00]} 30. Ke2 {[%emt 0:00:01]} Bxd6 {[%emt 0:00:01]} 31. Bxd6 {[%emt 0:00:00]} Rxd6 {[%emt 0:00:01]} 32. Rc1 {[%emt 0:00:00]} b5 {[%emt 0:00:03]} 33. Rc7 {[%emt 0:00:01]} Rd7 {[%emt 0:00:02]} 34. Rc6+ {[%emt 0:00:00]} Kd5 {[%emt 0:00:01]} 35. Rc8 {[%emt 0:00:01]} b4 {[%emt 0:00:01]} 36. Rb8 {[%emt 0:00:00]} bxa3 {[%emt 0:00:01]} 37. bxa3 {[%emt 0:00:00]} Kd4 {[%emt 0:00:01]} 38. Rb5 {[%emt 0:00:01]} a4 {[%emt 0:00:01]} 39. Rb4+ {[%emt 0:00:01]} Kc3 {[%emt 0:00:01]} 40. Rxa4 {[%emt 0:00:00]} Kb3 {[%emt 0:00:01]} 41. Ra8 {[%emt 0:00:00]} Re7+ {[%emt 0:00:01]} 42. Kf2 {[%emt 0:00:01]} g5 {[%emt 0:00:00]} 43. Rh8 {[%emt 0:00:01]} h5 {[%emt 0:00:00]} 44. Rxh5 {[%emt 0:00:01]} Re6 {[%emt 0:00:00]} 45. Rh6 {[%emt 0:00:00]} Kxa3 {[%emt 0:00:01]} 46. Rg6 {[%emt 0:00:00]} Kb3 {[%emt 0:00:01]} 47. h4 {[%emt 0:00:00]} Kc3 {[%emt 0:00:01]} 48. hxg5 {[%emt 0:00:00]} fxg5 {[%emt 0:00:01]} 49. Rxe6 {[%emt 0:00:01]} Kd4 {[%emt 0:00:00]} 50. Rg6 {[%emt 0:00:00] .} Kd5 {[%emt 0:00:01]} 51. Rxg5+ {[%emt 0:00:00]} Ke4 {[%emt 0:00:00]} 52. g4 {[%emt 0:00:00]} Kf4 {[%emt 0:00:00]} 53. Rf5+ {[%emt 0:00:00] .} Kxg4 {[%emt 0:00:01] Time (Lag: Av=0.47s, max=1.0s)} 1/2-1/2

[Event "Stay Safe Play From Home 341"]
[Site "Emanuel Lasker Arena"]
[Date "2020.07.29"]
[Round "5"]
[White "Trotsky"]
[Black "Buzaglo"]
[Result "0-1"]
[WhiteElo "1506"]
[BlackElo "1800"]
[Annotator "NA RC"]
[PlyCount "62"]
[EventDate "2020.07.29"]
[EventType "swiss (blitz)"]

1. d4 {[%emt 0:00:01]} e6 {[%emt 0:00:00]} 2. e3 {[%emt 0:00:00]} d5 {[%emt 0:00:00]} 3. c4 {[%emt 0:00:01]} Nf6 {[%emt 0:00:00]} 4. Nc3 {[%emt 0:00:01]} dxc4 {[%emt 0:00:01]} 5. Bxc4 {[%emt 0:00:01]} c5 {[%emt 0:00:00]} 6. Nf3 {[%emt 0:00:01]} cxd4 {[%emt 0:00:01]} 7. exd4 {[%emt 0:00:01]} Be7 {[%emt 0:00:00]} 8. Be3 {[%emt 0:00:01]} O-O {[%emt 0:00:00]} 9. Bd3 {[%emt 0:00:01]} Bd7 {[%emt 0:00:01]} 10. Qc2 {[%emt 0:00:01]} g6 {[%emt 0:00:01]} 11. h4 {[%emt 0:00:01]} Ng4 {[%emt 0:00:03]} 12. Ng5 {[%emt 0:00:03]} Nxe3 {[%emt 0:00:02]} 13. fxe3 {[%emt 0:00:01]} Bxg5 {[%emt 0:00:02]} 14. h5 {[%emt 0:00:06]} Bxe3 {[%emt 0:00:01]} 15. hxg6 {[%emt 0:00:02]} fxg6 {[%emt 0:00:01]} 16. Bxg6 {[%emt 0:00:01]} Qf6 {[%emt 0:00:13]} 17. Bxh7+ {[%emt 0:00:02]} Kf7 {[%emt 0:00:02]} 18. Ne4 {[%emt 0:00:08]} Qf4 {[%emt 0:00:04]} 19. Rf1 {[%emt 0:00:04]} Ke7 {[%emt 0:00:05]} 20. Rxf4 {[%emt 0:00:02]} Rxf4 {[%emt 0:00:00]} 21. Qc5+ {[%emt 0:00:03]} Kf7 {[%emt 0:00:04]} 22. Nd6+ {[%emt 0:00:02]} Kg7 {[%emt 0:00:01]} 23. Qg5+ {[%emt 0:00:02]} Kxh7 {[%emt 0:00:02]} 24. Qh5+ {[%emt 0:00:05]} Kg8 {[%emt 0:00:04]} 25. Qg6+ {[%emt 0:00:02]} Kf8 {[%emt 0:00:02]} 26. Nc8 {[%emt 0:00:02]} Bxc8 {[%emt 0:00:02]} 27. Qh6+ {[%emt 0:00:01]} Ke7 {[%emt 0:00:01]} 28. Qh2 {[%emt 0:00:03]} Nd7 {[%emt 0:00:02]} 29. Ke2 {[%emt 0:00:01]} Nf6 {[%emt 0:00:01]} 30. Kd3 {[%emt 0:00:01]} Bd7 {[%emt 0:00:00]} 31. Re1 {[%emt 0:00:01]} Bb5+ {[%emt 0:00:00] Âðåìÿ (Lag: Av=0.54s, max=0.8s)} 0-1

[Event "Stay Safe Play From Home 341"]
[Site "Emanuel Lasker Arena"]
[Date "2020.07.29"]
[Round "6"]
[White "Knightofficer"]
[Black "AChessPlayer"]
[Result "0-1"]
[WhiteElo "2236"]
[BlackElo "2382"]
[Annotator "TA"]
[PlyCount "96"]
[EventDate "2020.07.29"]
[EventType "swiss (blitz)"]

{[%evp 11,95,13,15,9,21,9,11,-4,19,0,3,-27,-13,-34,-19,-23,-23,-43,-32,-71,-32,-58,-41,-40,-37,-62,-54,-138,-65,-103,-102,-240,-242,-215,-222,-427,-196,-373,-258,-624,-518,-522,-496,-510,-511,-710,-712,-708,-694,-1470,-1470,-1365,-1604,-1515,-944,-944,-944,-29983,-29983,-29983,-29984,-29984,-29985,-29986,-29987,-29988,-29987,-29989,-29990,-29990,-29991,-29991,-29988,-29992,-29993,-29993,-29994,-29994,-29995,-29997,-29996,-29998,-29999,-29999,-29999,-29999]} 1. e4 d6 2. Nc3 Nf6 3. f4 c5 4. Nf3 Nc6 5. Bb5 Bd7 6. O-O e6 7. d3 {B23: Closed Sicilian: Lines without g3.} a6 8. Bxc6 Bxc6 9. e5 {The position is equal.} dxe5 {[#]} 10. Nxe5 $146 ({Predecessor:} 10. fxe5 Ng4 11. Qe2 h5 12. Ne4 Be7 13. Bf4 Qd7 14. h3 Nh6 15. Nd6+ Bxd6 16. exd6 Bxf3 17. Rxf3 {1-0 (48) Drljevic,L (2210)-Sredojevic,I (2366) Novi Sad 2016}) 10... Rc8 11. Nxc6 (11. Qe2 {with more complications.} Be7 12. a4 O-O 13. a5 Re8 14. Bd2) 11... Rxc6 12. Be3 Be7 13. Qe2 O-O 14. Kh1 b5 15. Rae1 Nd5 16. Ne4 Nxe3 17. Qxe3 g6 18. c3 Qd5 19. Rd1 ({Better is} 19. Qf3 $15) 19... Rd8 (19... Qxa2 $17 {Strongly threatening ...f5.} 20. Rd2 Rd8) 20. b3 c4 21. d4 {Loses the game.} (21. bxc4 $17 Rxc4 22. dxc4 Qxd1 23. Rxd1 Rxd1+ 24. Qg1 Rxg1+ 25. Kxg1) 21... cxb3 $19 22. axb3 Qxb3 23. Ng5 $2 {[#]} (23. Rd3 {is a better defense.}) 23... Bf6 (23... Rxc3 $142 24. Qe5 Qd5) 24. Qh3 $2 (24. Ne4 {was necessary.} Be7 25. Qf3) 24... h5 25. Rfe1 $2 (25. Ne4 Be7 26. Qf3) 25... Bxg5 26. fxg5 Rxc3 27. Qh4 Rd3 28. Rxd3 Qxd3 {[%mdl 4096] Endgame KQR-KQR} 29. Qf4 Qxd4 30. Qf1 b4 31. h3 b3 32. Rb1 b2 33. Qe2 Rb8 {And now ...a5 would win.} 34. Kh2 a5 {Black mates.} 35. Qc2 a4 36. Qc7 Rf8 37. Qc2 a3 38. Qb3 Qf4+ 39. Kh1 Qc1+ 40. Rxc1 bxc1=Q+ 41. Kh2 Qxg5 42. Qg3 Qxg3+ 43. Kxg3 {KR-KPP} a2 44. Kh4 a1=Q 45. Kg5 Qg7 46. g3 Qe5+ {[%mdl 64] [#] Double Attack} 47. Kh4 f6 {[%csl Gf6][%cal Re5g5]} 48. g4 Qe1# {Accuracy: White = 36%, Black = 72%.} 0-1

[Event "Stay Safe Play From Home 341"]
[Site "Emanuel Lasker Arena"]
[Date "2020.07.29"]
[Round "6"]
[White "Weltszmerc"]
[Black "Lazieri3"]
[Result "1-0"]
[WhiteElo "2199"]
[BlackElo "2081"]
[Annotator "TA"]
[PlyCount "93"]
[EventDate "2020.07.29"]
[EventType "swiss (blitz)"]

{[%evp 9,92,-12,18,14,9,6,18,8,43,12,160,49,139,138,227,85,72,41,117,71,168,81,170,52,177,164,170,-104,60,35,38,34,139,141,151,120,535,543,606,601,623,622,606,587,530,495,504,499,1472,1449,1664,1631,2106,1609,1022,993,1303,1318,29987,29987,29987,29987,29989,29986,29986,29979,29989,29990,29989,29990,29982,29981,29992,29993,29995,29995,29995,29996,29998,29994,29994,29994,29998,29999,29999]} 1. d4 c6 2. c4 d5 3. Nf3 Nf6 4. Qb3 Qb6 5. c5 Qxb3 (5... Qc7 {is more complex.} 6. g3 b6 7. Bf4 Qb7 8. cxb6 axb6 9. Bg2 e6) 6. axb3 {D11: Slav Defence: 3 Nf3 sidelines and 3...Nf6 4 e3 Bg4.} Na6 {[#]} 7. Bd2 $146 ({Predecessor:} 7. Bf4 Bf5 8. Nc3 Ne4 9. e3 Nb4 10. Ra4 Nc2+ 11. Ke2 f6 12. h3 e5 13. Bh2 {½-½ (79) Konopka,M (2440)-Schmitt,A (2350) Marbach 1994}) 7... Nc7 8. Nc3 {The position is equal.} a6 9. Na4 {aiming for Nb6.} Rb8 (9... Bf5 $11) 10. Nb6 (10. Bf4 $16 Kd8 11. Ng5) 10... Nd7 (10... Ne6 $14) 11. Bf4 $16 Kd8 (11... e5 $16 {was called for.} 12. Nxd7 (12. Nxe5 Nxb6 13. Nxf7 Kxf7 $16) 12... Bxd7 13. Nxe5 (13. Bxe5 Rc8 $16) 13... Rc8) 12. h3 (12. Ng5 $18 {is more deadly.} e5 13. Nxf7+ {[%mdl 64] Double Attack} Ke8 14. Nd6+ (14. Nxh8 exf4 15. Nxc8 Rxc8 $16) (14. Nxe5 Nxb6 15. Nxc6 {[%mdl 64] Discovered Attack} bxc6 $18) (14. Bxe5 Nxe5 15. Nxh8 Nd7 $18) 14... Bxd6 15. cxd6) 12... f6 13. g4 e6 (13... e5 $14 14. Bg3 (14. dxe5 Bxc5 15. Nxd7 Bxd7 $11) 14... h5) 14. e3 Be7 {[#]} (14... e5 $16 15. Bg3 (15. dxe5 Bxc5 16. Nxd7 Bxd7 $11) (15. Nxc8 exf4 16. Nd6 Bxd6 $15) 15... h5) 15. Be2 (15. b4 $1 $18) 15... Re8 {[#]} (15... e5 $16 16. Bg3 (16. dxe5 Bxc5 17. Na4 Bb4+ 18. Kf1 fxe5 $14) 16... Nxb6) 16. O-O (16. b4 $1 $18) 16... Bf8 (16... e5 $1 $14 17. dxe5 Bxc5 18. Nxd7 Bxd7) 17. Bg3 e5 {and if ...exd4 works, Black does fine.} 18. Nh4 $2 (18. b4 $18) 18... g6 $2 (18... exd4 $17 19. b4 dxe3) 19. Rfe1 $36 {[%mdl 2048] Black is under pressure.} Nxb6 20. cxb6 Nb5 {Black is on the road to losing.} (20... Na8 $1 $14) 21. Bxb5 axb5 22. f4 {[%cal Rf4e5]} e4 $2 {[%mdl 8192]} (22... f5 $16) 23. f5 $18 gxf5 24. Bxb8 fxg4 25. Bc7+ Ke7 26. hxg4 Bxg4 27. Kh2 Bh6 28. Bf4 Bg7 (28... Bxf4+ $142 29. exf4 Kd6) 29. Rg1 h5 {[#]} 30. Nf5+ $1 {[%mdl 512]} Kf7 (30... Bxf5 31. Rxg7+) 31. Nxg7 Kxg7 32. Kg3 Kg6 33. Kh4 f5 34. Ra7 {White mates.} Re7 35. b4 {[%cal Bb3b4,Bb4c5][%mdl 32]} Kf6 36. Ra8 Ke6 37. Rd8 Rd7 38. Rxd7 Kxd7 39. Kg5 c5 40. bxc5 Kc6 41. b4 Bf3 42. Ra1 Bg4 43. Ra8 h4 44. Rh8 Kd7 45. Rxh4 Kc6 46. Rh7 {[%csl Gb6,Gf4][%cal Rh7c7]} Bh5 47. Rc7# {Accuracy: White = 50%, Black = 23%.} 1-0

[Event "Stay Safe Play From Home 341"]
[Site "Emanuel Lasker Arena"]
[Date "2020.07.29"]
[Round "6"]
[White "SoulofWolf"]
[Black "Mepe_Nika"]
[Result "0-1"]
[WhiteElo "2058"]
[BlackElo "2414"]
[Annotator "TA"]
[PlyCount "102"]
[EventDate "2020.07.29"]
[EventType "swiss (blitz)"]

{[%evp 9,102,-89,-99,-119,-106,-97,-86,-158,-87,-75,-39,-37,-37,-82,-83,-320,-313,-335,-284,-369,-302,-447,-360,-385,-382,-445,-454,-431,-415,-450,-270,-550,-517,-568,-554,-1377,-913,-1243,-1173,-2263,-2219,-2158,-2104,-29986,-29982,-29990,-29988,-29983,-29962,-5883,-5883,-29998,-1475,-1625,-1622,-1609,-1287,-2364,-1755,-1662,-1652,-1992,-1912,-2284,-1870,-1636,-1489,-1381,-1351,-1455,-1280,-2190,-1276,-1281,-1175,-1134,-1112,-1047,-778,-1517,-1388,-29978,-29979,-29980,-29971,-29991,-29992,-29992,-29993,-29993,-29994,-29995,-29996,-29996,-29997]} 1. d4 d5 2. Nf3 Nf6 3. h3 c5 4. g4 {[#]} cxd4 $146 ({Predecessor:} 4... Nc6 5. c3 e6 6. Be3 Qb6 7. Qc2 Bd7 8. Nbd2 cxd4 9. Nxd4 Nxd4 10. Bxd4 Bc5 11. Bxc5 Qxc5 {1-0 (35) Demac,E (1620)-Solli,O (1540) Sotra 2007}) 5. Nxd4 e5 6. Nf3 {D02: 1 d4 d5 2 Nf3 sidelines, including 2...Nf6 3 g3 and 2...Nf6 3 Bf4.} Nc6 7. Bg2 Bc5 8. c3 (8. c4 $142) 8... e4 (8... h5 $142 9. g5 Ne4) 9. Nd4 $17 Nxd4 10. cxd4 Bd6 $36 {[%mdl 2048] Black fights for an advantage.} 11. e3 h5 {[%cal Rh5g4]} 12. Nc3 $2 {White does not recover from this.} (12. g5 $17 {keeps fighting.} Nd7 13. f4) 12... hxg4 $19 13. h4 O-O 14. a3 a6 15. b4 (15. Bf1 {was called for.}) 15... Be6 16. Ne2 Rc8 17. Nf4 Bxf4 18. exf4 Bf5 19. Be3 Qd6 20. h5 $2 (20. Qd2) 20... Rc3 21. Bf1 {[#]} g3 $1 {[%mdl 512]} 22. Qe2 (22. fxg3 Rxe3+) 22... Rfc8 {Strongly threatening ...gxf2+.} 23. fxg3 Bg4 24. Qb2 Rxe3+ {[%mdl 64] Double Attack} 25. Kf2 Rcc3 26. Rg1 Nxh5 27. Rc1 Qc7 28. Rxc3 Qxc3 29. Qxc3 Rxc3 30. Bg2 Nxg3 (30... e3+ $142 31. Kf1 Rc1#) 31. Ra1 Nf5 32. a4 Nxd4 33. b5 axb5 34. axb5 Nxb5 35. Bf1 Nd6 36. Ra8+ Rc8 37. Ra5 Be6 38. Ra4 Nc4 39. Rb4 Rb8 40. Ke2 Nd6 41. Kd2 b5 42. Ke3 {[#]} d4+ $1 43. Kxd4 (43. Rxd4 Nf5+) 43... Nc4 44. Bxc4 {[%mdl 4096] Endgame KRB-KRB} Rd8+ 45. Ke5 bxc4 {KRB-KR. Black mates.} 46. f5 c3 47. Rb8 Rxb8 48. fxe6 {[#]} Re8 $1 49. Kf5 Rxe6 50. Kg5 c2 51. Kf4 c1=Q+ {Accuracy: White = 10%, Black = 60%.} 0-1

[Event "Stay Safe Play From Home 341"]
[Site "Emanuel Lasker Arena"]
[Date "2020.07.29"]
[Round "6"]
[White "Stefanone"]
[Black "Trotsky"]
[Result "1-0"]
[WhiteElo "2035"]
[BlackElo "1501"]
[Annotator "NA RC"]
[PlyCount "64"]
[EventDate "2020.07.29"]
[EventType "swiss (blitz)"]

1. e4 {[%emt 0:00:01]} c5 {[%emt 0:00:01]} 2. d3 {[%emt 0:00:00]} e6 {[%emt 0:00:00]} 3. Nd2 {[%emt 0:00:00]} d5 {[%emt 0:00:01]} 4. Ngf3 {[%emt 0:00:00]} Nc6 {[%emt 0:00:01]} 5. Be2 {[%emt 0:00:01]} Bd6 {[%emt 0:00:01]} 6. O-O {[%emt 0:00:01]} Nf6 {[%emt 0:00:01]} 7. c3 {[%emt 0:00:01]} Qc7 {[%emt 0:00:01]} 8. g3 {[%emt 0:00:01]} h5 {[%emt 0:00:01]} 9. h4 {[%emt 0:00:01]} Ng4 {[%emt 0:00:01]} 10. Kg2 {[%emt 0:00:07]} Bxg3 {[%emt 0:00:05]} 11. fxg3 {[%emt 0:00:02]} Ne3+ {[%emt 0:00:01]} 12. Kf2 {[%emt 0:00:01]} Nxd1+ {[%emt 0:00:01]} 13. Rxd1 {[%emt 0:00:00]} Bd7 {[%emt 0:00:02]} 14. Nf1 {[%emt 0:00:02]} O-O-O {[%emt 0:00:01]} 15. Bf4 {[%emt 0:00:00]} e5 {[%emt 0:00:03]} 16. Bg5 {[%emt 0:00:01]} f6 {[%emt 0:00:01]} 17. Be3 {[%emt 0:00:00]} g5 {[%emt 0:00:01]} 18. hxg5 {[%emt 0:00:01]} fxg5 {[%emt 0:00:01]} 19. Bxg5 {[%emt 0:00:01]} Rdf8 {[%emt 0:00:02]} 20. Bh4 {[%emt 0:00:01]} Rhg8 {[%emt 0:00:01]} 21. N1h2 {[%emt 0:00:01]} Bg4 {[%emt 0:00:02]} 22. Rf1 {[%emt 0:00:01]} dxe4 {[%emt 0:00:01]} 23. dxe4 {[%emt 0:00:01]} Qb6 {[%emt 0:00:02]} 24. Kg2 {[%emt 0:00:01]} Qxb2 {[%emt 0:00:03]} 25. Rae1 {[%emt 0:00:04]} Qxc3 {[%emt 0:00:02]} 26. Rf2 {[%emt 0:00:01]} Nd4 {[%emt 0:00:01]} 27. Nxd4 {[%emt 0:00:02]} Qxd4 {[%emt 0:00:04]} 28. Bxg4+ {[%emt 0:00:01]} Kb8 {[%emt 0:00:04]} 29. Rfe2 {[%emt 0:00:01]} Rf7 {[%emt 0:00:07]} 30. Bf5 {[%emt 0:00:02]} Rgf8 {[%emt 0:00:01]} 31. Nf3 {[%emt 0:00:01]} a6 {[%emt 0:00:01]} 32. Nxd4 {[%emt 0:00:01]} cxd4 {[%emt 0:00:01] Trotsky Ñäàåòñÿ (Lag: Av=0.22s, max=0.3s)} 1-0